Machinery's Handbook 26: (Record no. 60741)

000 -LEADER
fixed length control field 00800nam a22002057a 4500
003 - CONTROL NUMBER IDENTIFIER
control field NUST-PNEC
005 - DATE AND TIME OF LATEST TRANSACTION
control field 20170116180706.0
008 - FIXED-LENGTH DATA ELEMENTS--GENERAL INFORMATION
fixed length control field 140925b xxu||||| |||| 00| 0 eng d
020 ## - INTERNATIONAL STANDARD BOOK NUMBER
International Standard Book Number 0831126353
040 ## - CATALOGING SOURCE
Transcribing agency PNEC
082 ## - DEWEY DECIMAL CLASSIFICATION NUMBER
Classification number 621.80'20 OBE
100 ## - MAIN ENTRY--PERSONAL NAME
9 (RLIN) 359
Personal name Oberg, Erik
245 ## - TITLE STATEMENT
Title Machinery's Handbook 26:
Remainder of title A Reference Book for the Mechanical Engineer, Designer, Manufacturing Engineer, Draftsman, Toolmaker, and Machinist
Statement of responsibility, etc. Erik Oberg
250 ## - EDITION STATEMENT
Edition statement 26th ed.
260 ## - PUBLICATION, DISTRIBUTION, ETC.
Place of publication, distribution, etc. New York
Name of publisher, distributor, etc. Industrial Press, Inc.
Date of publication, distribution, etc. c2000.
300 ## - PHYSICAL DESCRIPTION
Extent 2630 p. :
Other physical details ill. :
Dimensions 26 cm.
500 ## - GENERAL NOTE
General note Includes Index http://www.amazon.com/Machinerys-Handbook-Reference-Mechanical-Manufacturing/dp/0831126353/ref=sr_1_1?s=books&ie=UTF8&qid=1411619000&sr=1-1&keywords=0831126353
650 ## - SUBJECT ADDED ENTRY--TOPICAL TERM
General subdivision ME, IME
942 ## - ADDED ENTRY ELEMENTS (KOHA)
Source of classification or shelving scheme
Koha item type Book
Holdings
Withdrawn status Lost status Source of classification or shelving scheme Damaged status Not for loan Permanent Location Current Location Shelving location Date acquired Source of acquisition Cost, normal purchase price Total Checkouts Full call number Barcode Date last seen Cost, replacement price Price effective from Koha item type
          Pakistan Navy Engineering College (PNEC) Pakistan Navy Engineering College (PNEC) Reference 04/29/2004 Capital Book Co. 7716.71   621.80'20 OBE PNECLIB-026470 09/25/2014 7716.71 04/29/2004 Book
© 2023 Central Library, National University of Sciences and Technology. All Rights Reserved.